ANTEENA THEORY :ANALYSIS AND DESIGN. (Record no. 14363)
[ view plain ]
| 000 -LEADER | |
|---|---|
| fixed length control field | 00362nam a22001577a 4500 |
| 003 - CONTROL NUMBER IDENTIFIER | |
| control field | SGT |
| 020 ## - INTERNATIONAL STANDARD BOOK NUMBER | |
| International Standard Book Number | 978-81-265-2422-8 |
| 082 ## - DEWEY DECIMAL CLASSIFICATION NUMBER | |
| Classification number | 621.3824 |
| Item number | BAL |
| 100 ## - MAIN ENTRY--PERSONAL NAME | |
| Personal name | BALANIS,CONSTANTINE.A |
| 245 ## - TITLE STATEMENT | |
| Title | ANTEENA THEORY :ANALYSIS AND DESIGN. |
| 250 ## - EDITION STATEMENT | |
| Edition statement | 3RD |
| 260 ## - PUBLICATION, DISTRIBUTION, ETC. (IMPRINT) | |
| Place of publication, distribution, etc | NEW DELHI |
| Name of publisher, distributor, etc | WILEY PUBLICATION |
| Year of Publication | 2017 |
| 300 ## - PAGE DESCRIPTION | |
| No. of Pages | 1117 |
| 650 ## - SUBJECT ADDED ENTRY--TOPICAL TERM | |
| Topical term or geographic name as entry element | ECE |
| 942 ## - ADDED ENTRY ELEMENTS (KOHA) | |
| Source of classification or shelving scheme | Dewey Decimal Classification |
| Koha item type | Books |
| Withdrawn status | Lost status | Source of classification or shelving scheme | Damaged status | Not for loan | Collection code | Home library | Current library | Shelving location | Date acquired | Vendor Name | Cost, normal purchase price | SGTU | Bill Number | Total Checkouts | Total Renewals | Full call number | Accession No. (Barcode) | Date last seen | Date last borrowed | Bill Date | Koha item type |
|---|---|---|---|---|---|---|---|---|---|---|---|---|---|---|---|---|---|---|---|---|---|
| Dewey Decimal Classification | ENGINEERING | SGT Engineering Library | SGT Engineering Library | Text Book | 03/01/2018 | KIRTI PRAKASHAN (NEW DELHI ) | 779.00 | SGTU | IN1297 | 5 | 1 | 621.3824 BAL | FE6901 | 06/12/2018 | 27/11/2018 | Books | |||||
| Dewey Decimal Classification | ENGINEERING | SGT Engineering Library | SGT Engineering Library | Text Book | 03/01/2018 | KIRTI PRAKASHAN (NEW DELHI ) | 779.00 | SGTU | IN1297 | 1 | 1 | 621.3824 BAL | FE6902 | 08/12/2018 | 19/11/2018 | Books | |||||
| Dewey Decimal Classification | ENGINEERING | SGT Engineering Library | SGT Engineering Library | Text Book | 03/01/2018 | KIRTI PRAKASHAN (NEW DELHI ) | 779.00 | SGTU | IN1297 | 1 | 621.3824 BAL | FE6903 | 08/12/2018 | 19/11/2018 | Books | ||||||
| Dewey Decimal Classification | ENGINEERING | SGT Engineering Library | SGT Engineering Library | Text Book | 03/01/2018 | KIRTI PRAKASHAN (NEW DELHI ) | 779.00 | SGTU | IN1297 | 4 | 1 | 621.3824 BAL | FE6904 | 08/12/2018 | 01/12/2018 | Books | |||||
| Dewey Decimal Classification | ENGINEERING | SGT Engineering Library | SGT Engineering Library | Text Book | 03/01/2018 | KIRTI PRAKASHAN (NEW DELHI ) | 779.00 | SGTU | IN1297 | 1 | 621.3824 BAL | FE6905 | 27/11/2018 | 15/11/2018 | Books |